00420nam a2200145Ia 4500008004100000041000900041082001800050100001600068245002100084260004100105300000800146650000800154999001700162952009500179230718s9999 xx 000 0 und d aEng. a929.27bORG-A aOrgha Irfan 0aAk Turaq Khandan aPakistanbJamhori Publicationsc2011 a319 aLaw c31552d31552 00104070aSIRC-LbSIRC-Ld2023-07-18l0o929.27 ORG-Ap26503r2023-07-18w2023-07-18yBK